Estadísticas para 15 principales países afectados por Covid19 - 17 de junio

Haz click aquí para intentar la prueba.

Estadísticas generales

  • Esta prueba ha sido intentada 12 veces
  • La puntuación promedio es 15 de 27

Estadísticas de respuestas

país% Correcto
España
100%
Estados Unidos
100%
Italia
100%
Francia
89%
México
89%
Perú
89%
Brasil
78%
India
78%
Reino Unido
78%
Rusia
78%
Bélgica
67%
Chile
67%
Chile
67%
Alemania
56%
Irán
56%
Pakistán
56%
Suecia
56%
Irlanda
44%
Turquía
33%
Catar
22%
Omán
22%
Panamá
22%
Armenia
11%
Baréin
11%
Bielorrusia
11%
Kuwait
11%
Singapur
11%

Distribución de puntuación

Porcentaje por número respondido

Porcentaje de gente con cada puntuación

Historial de tus puntuaciones

No has intentado esta prueba.